| 000 | 00888nam a22003137a 4500 | ||
|---|---|---|---|
| 003 | CHAP | ||
| 005 | 20220329134557.0 | ||
| 008 | 971013s1975 r 00010 d | ||
| 010 | _a22438 | ||
| 011 | _a23410 | ||
| 035 | _a27506 | ||
| 040 | _cCHAP | ||
| 082 |
_a912.72 _bA8 1975 |
||
| 245 | _aAtlas of Mexico | ||
| 250 | _a2 ed. | ||
| 260 |
_aAustin : _bUniversity of Texas, _c1975 |
||
| 300 | _a163 p | ||
| 590 |
_aBATCH-UPD _b10 _c20130110 _lUCH01 _h0928 |
||
| 590 |
_aBATCH-UPD _b10 _c20130410 _lUCH01 _h0548 |
||
| 590 |
_aBATCH-UPD _b10 _c20130914 _lUCH01 _h0427 |
||
| 590 |
_aCONVERSION _b10 _c20130109 _lUCH01 _h1313 |
||
| 650 | 1 | 4 |
_aAtlas. _98256 |
| 650 | 1 | 4 |
_aMéxico _xEstadísticas. _976743 |
| 650 | 1 | 4 |
_aMéxico _xMapas. _976780 |
| 700 | 0 |
_aArbingast, Stanley A. _96555 |
|
| 901 | _aBK | ||
| 942 | _cLIBRO | ||
| 949 |
_a912.72 A8 1975 _bBC _cMAP _d-63843 _eMAP _h44482 _i27506 _mD _si |
||
| 999 |
_c22438 _d22438 |
||